| 000 | 00000nam##2200000za#4500 |
| 001 | 9.688444 |
| 003 | CaOODSP |
| 005 | 20210624231428 |
| 007 | cr ||||||||||| |
| 008 | 150407|2000||||xxc|||||o f|0| 0 eng|d |
| 040 | |aCaOODSP|beng |
| 043 | |an-cn--- |
| 086 | 1 |aSW21-48/2000E-PDF |
| 110 | 1 |aCanada. |bStatus of Women Canada. |
| 245 | 10|aBuilding capacity : |h[electronic resource]|benhancing women's economic participation through housing / |cprepared by Laura C. Johnson and Allison Ruddock. |
| 260 | |aOttawa - Ontario : |bStatus of Women Canada |c2000. |
| 300 | |a151p.|bfig., glossary, tables |
| 500 | |a"This study examines whether affordable housing development and provision can be used to increase skill levels and employability for low-income women. The study reviews the broad literature relating housing and employment to increased self-sufficiency."--Executive summary. |
| 500 | |aThe catalogue number (SW21-48/2000E) and ISBN (0-662-28615-4) for the (2000) print edition have been printed in this electronic edition. |
| 504 | |aBibliography. |
| 590 | |a06-10-Supp|b2006-12-15 |
| 690 | 07|aEmployment|2gcpds |
| 690 | 07|aSubsidized housing|2gcpds |
| 690 | 07|aWomen|2gcpds |
| 720 | 1 |aJohnson, Laura C. |
| 720 | 1 |aRuddock, Allison |
| 775 | 08|tLa création des capacités : |w(CaOODSP)9.632868 |
| 776 | 0#|tBuilding capacity : |w(CaOODSP)9.662239 |
| 776 | 0#|tLa création de capacités : |w(CaOODSP)9.662240 |
| 856 | 40|ahttp://publications.gc.ca|qPDF|s643 KB|uhttps://publications.gc.ca/collections/Collection/SW21-48-2000E.pdf |